STN EN 13162+A1: 2015 (72 7201), Tepelnoizolačné výrobky pre budovy. Prefabrikované výrobky z minerálnej vlny (MW). Špecifikácia
Táto norma je slovenskou verziou európskej normy Preklad zabezpečil Úrad pre normalizáciu, metrológiu a skúšobníctvo Slovenskej republiky. Táto norma má rovnaké postavenie, ako majú oficiálne verzie
| Corporate Authors: | , |
|---|---|
| Other Authors: | |
| Format: | Book |
| Language: | Slovak English |
| PhysicalDescription: | 44 s. obr., tab. 30 cm |
| Published: |
Bratislava
Úrad pre normalizáciu, metrológiu a skúšobníctvo Slovenskej republiky
2015
|
| Subjects: |
MARC
| LEADER | 00000cam a2200000 a 4500 | ||
|---|---|---|---|
| 001 | vtls011425742 | ||
| 003 | SK-MaSNL | ||
| 005 | 20260301134633.0 | ||
| 008 | 160429s2015 xo a f u 000 0 slo | ||
| 015 | |a SNBN2016 | ||
| 040 | |a SNK |b slo |c SNK |e AACR2 | ||
| 041 | 1 | |a slo |h eng | |
| 044 | |a xo |c SK | ||
| 046 | |a s |m 201512 (účin.) | ||
| 072 | 7 | |a 699.8 |x Ochrana budov |2 konspekt | |
| 072 | 7 | |a 666 |x Sklárstvo. Keramika. Cement |2 konspekt | |
| 080 | |a 699.86 |2 2001 | ||
| 080 | |a 006.7/.8 |2 2001 | ||
| 080 | |a (437.6) |2 2001 | ||
| 080 | |a (4) |2 2001 | ||
| 080 | |a 699.86-03 |2 2001 | ||
| 080 | |a 666.198 |2 2001 | ||
| 084 | |a 91.100.60 |2 ICS | ||
| 130 | 0 | |a STN 72 7201 (STN EN 13162+A1) |9 488806 | |
| 245 | 1 | 0 | |a STN EN 13162+A1: 2015 (72 7201), Tepelnoizolačné výrobky pre budovy. Prefabrikované výrobky z minerálnej vlny (MW). Špecifikácia |
| 246 | 1 | 0 | |a Tepelnoizolačné výrobky pre budovy |
| 246 | 1 | 0 | |a Prefabrikované výrobky z minerálnej vlny (MW) |
| 246 | 3 | 0 | |a EN 13162: 2012+A1: 2015 SK |
| 260 | |a Bratislava |b Úrad pre normalizáciu, metrológiu a skúšobníctvo Slovenskej republiky |c 2015 | ||
| 300 | |a 44 s. |b obr., tab. |c 30 cm | ||
| 500 | |a Súbežný názov v angličtine, francúzštine, nemčine | ||
| 500 | |a Spracovateľ: Technický a skúšobný ústav stavebný Bratislava, Anna Paulíková | ||
| 500 | |a Táto norma nahrádza anglickú verziu STN EN 13162+A1 z augusta 2015, ktorá od 1.8.2015 nahradila STN EN 13162 z júna 2013 v celom rozsahu. STN EN 13162 z júna 2013 sa môže súbežne s touto normou používať do 30.11.2016 | ||
| 504 | |a Normatívne referenčné dokumenty, súvisiace právne predpisy s. 2-3 ; literatúra s. 44 | ||
| 520 | 8 | |a Táto norma je slovenskou verziou európskej normy Preklad zabezpečil Úrad pre normalizáciu, metrológiu a skúšobníctvo Slovenskej republiky. Táto norma má rovnaké postavenie, ako majú oficiálne verzie | |
| 540 | |a STN vydané na akomkoľvek nosiči sa môžu rozmnožovať a rozširovať iba so súhlasom určenej právnickej osoby |b SÚTN Bratislava |c zákon 264/1999 Z. z. | ||
| 650 | 0 | 7 | |a tepelná ochrana budov |2 SNKPH |9 67166 |
| 650 | 0 | 7 | |a technické normy a štandardy |z Slovensko |2 SNKPH |9 79594 |
| 650 | 0 | 7 | |a technické normy a štandardy |z krajiny Európskej únie |2 SNKPH |9 289341 |
| 650 | 0 | 7 | |a Thermal protection of buildings |2 SNKPHeng |9 299380 |
| 650 | 0 | 7 | |a Tepelná izolácia budov |2 SNKPH |9 322357 |
| 650 | 0 | 7 | |a izolačné materiály |2 SNKPH |9 69079 |
| 650 | 0 | 7 | |a Insulating materials |2 SNKPHeng |9 312391 |
| 650 | 0 | 7 | |a minerálna vlna |2 SNKPH |9 111867 |
| 650 | 0 | 7 | |a Mineral wool |2 SNKPHeng |9 477721 |
| 655 | 7 | |a normy |2 SNKPH |9 70643 | |
| 700 | 1 | |a Paulíková, Anna |4 trl |9 311559 | |
| 710 | 2 | |a Technický a skúšobný ústav stavebný (Bratislava, Slovensko) |4 trl |9 123563 | |
| 710 | 2 | |a Slovenský ústav technickej normalizácie (Bratislava, Slovensko). |b Technická komisia č. 58 Tepelná ochrana budov |4 stn |9 314601 | |
| 710 | 1 | |a Slovensko. |b Úrad pre normalizáciu, metrológiu a skúšobníctvo |9 158117 | |
| 852 | |a Štátna vedecká knižnica v Banskej Bystrici | ||
| 958 | |a OP | ||
| 958 | |a NB | ||
| 999 | |c 757613 |d 759543 | ||
| 952 | |a SNK |b SNK |y PREZ |7 0 |p 17A1175505 |o snkSTN EN 13162+A1 |i snk2015/33131 |8 0 |0 0 |1 0 |4 0 |d 2015-12-09 |l 0 |r 2026-02-23 23:53:55 |w 2026-02-23 | ||
| 952 | |a SNK |b SNK |y PREZ |7 0 |p 17A1175506 |o snkSTN EN 13162+A1 D1 |i snk2015/33132 |8 0 |0 0 |1 0 |4 0 |d 2015-12-09 |l 0 |r 2026-02-23 23:53:55 |w 2026-02-23 | ||


